The British Active GPS Network: OSNet for the future (Record no. 74838)

MARC details
000 -LEADER
fixed length control field 01428cab a2200229 4500
001 - CONTROL NUMBER
control field ABS68733
008 - FIXED-LENGTH DATA ELEMENTS--GENERAL INFORMATION
fixed length control field 050225n2005 000 0 eng u
035 ## - SYSTEM CONTROL NUMBER
System control number (Sirsi) u128886
100 ## - MAIN ENTRY--PERSONAL NAME
Personal name Fane, C.
245 #4 - TITLE STATEMENT
Title The British Active GPS Network: OSNet for the future
260 ## - PUBLICATION, DISTRIBUTION, ETC.
Date of publication, distribution, etc. 2005
490 ## - SERIES STATEMENT
Series statement Geo Informatics
Volume/sequential designation (8)January/February 2005, 24-27(3)
520 ## - SUMMARY, ETC.
Summary, etc. Provides an overview of Ordnance Survey's (OS) current geographic information output and its future development. OS as the national mapping organisation makes available the definitive geographical framework for the country. Discusses OS MasterMap, the OS integrated database of 440m features represented by unique topographic identifiers and the fundamental importance of the Global Positioning System (GPS) to the OS positioning strategy. Examines the development of the Active GPS Network based on a network of permanently installed GPS receivers and OSNet, which uses Real Time Kinematic GPS solutions for direct capture of map detail and should cover all the main conurbations in Great Britain by the end of March 2005. Summarises future advancements planned for the Global Navigation Satellite Systems. Figure shows extent of OSNet network as at October 2004.
590 ## - LOCAL NOTE (RLIN)
Local note ABS
650 ## - SUBJECT ADDED ENTRY--TOPICAL TERM
Topical term or geographic name entry element GPS
650 ## - SUBJECT ADDED ENTRY--TOPICAL TERM
Topical term or geographic name entry element MAPPING
650 ## - SUBJECT ADDED ENTRY--TOPICAL TERM
Topical term or geographic name entry element ORDNANCE SURVEY
690 ## - LOCAL SUBJECT ADDED ENTRY--TOPICAL TERM (OCLC, RLIN)
Topical term or geographic name as entry element Geomatics
9 (RLIN) 6242
700 ## - ADDED ENTRY--PERSONAL NAME
Personal name Cruddace, P.
700 ## - ADDED ENTRY--PERSONAL NAME
Personal name Greaves, M.
942 ## - ADDED ENTRY ELEMENTS (KOHA)
Suppress in OPAC 0
Holdings
Withdrawn status Lost status Source of classification or shelving scheme Damaged status Not for loan Home library Current library Shelving location Date acquired Total Checkouts Full call number Barcode Date last seen Copy number Price effective from Koha item type
    Dewey Decimal Classification     London London Journal article 25/02/2005   ABS68733 128886-1001 06/08/2019 1 06/08/2019 Journal article